000
00318nam a2200133Ia 4500
005
20260326235450.0
008
260326s9999||||xx |||||||||||||| ||und||
100
_a
Barahona, Luis Diego
245
0
_a
Victor Cañas /
_c
Luis Diego Barahona
260
_b
Líneas
300
_a
98 p.
650
_a
ARQUITECTOS
942
_c
BK
999
_c
7734
_d
7734